| 000 | 01112nam0a22002891 4500 | ||
|---|---|---|---|
| 001 | rc\3380127 | ||
| 005 | 20260406031118.0 | ||
| 021 |
_aRU _b[71-2484] |
||
| 035 | _a(NLR Aleph) 007544232 | ||
| 090 |
_a9781335 _c9781335 |
||
| 100 | _a20130115d1970 |||y0rusy50 ca | ||
| 101 | 1 |
_arus _cbak |
|
| 102 | _aRU | ||
| 105 | _aa z |||a| | ||
| 200 | 1 |
_aЧесть по чести... _eПовесть _fАвториз. пер. с башк. Б. Павлова и Г. Шафикова |
|
| 210 |
_aУфа _cБашкнигоиздат _d1970 |
||
| 215 |
_a72 с. _cил. _d17 |
||
| 300 | _aВ вып. дан. авт.: Сагит Агиш (Агишев Сагит Ишмухаметович) | ||
| 700 | 1 |
_6z01790 _aАгиш _bС. _f1905-1973 _gСагит |
|
| 702 | 1 |
_4730 _8rus _7ca _aШафиков _bГ. Г. _f1939-2009 _gГазим Газизович _3RU\NLR\AUTH\771250 _9111279 |
|
| 702 | 1 |
_aПавлов _bБ. _4730 |
|
| 790 | 1 |
_6z01700 _aАгишев _bС.И. _f1905-1973 _gСагит Ишмухаметович |
|
| 801 | 0 |
_aRU _bNLR _gpsbo |
|
| 801 | 1 |
_aRU _bELAR _2rusmarc |
|
| 852 |
_aNLR _j71-2/22 |
||
| 942 | _cBOOK | ||
| 980 | _aNB | ||